000 00640nam a2200229Ia 4500
003 OSt
005 20220924122900.0
006 a|||||r|||| 00| 0
007 ta
008 220923b |||||||| |||| 00| 0 urd d
024 _a320310
037 _cTextual
040 _aARTS
_cARTS
_burd
041 _2urd
_aurd
082 _aP168:(1)j, G7
100 _aAlvi Ziaul Hasan Au.
_9172203
245 0 _aManual khat shikashta-e-urdu
260 _aLucknow
_bNawal Kishore press India
_c1937
650 _aURDU LANGUAGE
_9154969
942 _hP168:(1)j, G7
_cTEXL
_2CC
999 _c413418
_d413418